00742nam a2200193 i 450000100060000000300090000600500170001500800410003210000320007324500570010526000550016230000260021753000350024360000320027865100500031065100350036085200640039585600890045965369ES-MaACL20250721131120.0040112s1931 sp |||| |dspa d1 aFranco, Ramón,d1896-193810aMadrid bajo las bombas / cRamón Franco Bahamonde. aMadrid : bZeus, c[1931] (fImp. Zoila Ascasibar) aXV, 265 p. ; c19 cm. aDisponible en formato digital.14aFranco, Ramón,d1896-1938 4aEspaña-xHistoria-y1902-1931, Alfonso XIII 4aMadrid-xHistoria-y1931-1939. aES-MaACLjB-9063cSPBzRevisado enlace: 21 de julio de 20254 uhttp://bdh-rd.bne.es/viewer.vm?id=0000251160&page=1 yBiblioteca Digital Hispánica